Загрузка...

Fundamentals of library management and administration /

Библиографические подробности
Главный автор: Singh, Ram Shobhit Prasad
Формат: Printed Book
Язык:English
Опубликовано: Delhi : Prabhat Prakashan,
Предметы:
LEADER 00558nam a2200145Ia 4500
008 160114b xxu||||| |||| 00| 0 eng d
082 |a 025.1 
100 |a Singh, Ram Shobhit Prasad 
245 |a Fundamentals of library management and administration /  |c By Ram Shobhit Prasad Singh 
260 |a Delhi :  |b Prabhat Prakashan,  
300 |a 1999 p. 
653 |a Library Administration 
942 |c BK 
999 |c 142892  |d 142892 
952 |0 0  |1 0  |4 0  |6 025_100000000000000_SIN_F  |7 0  |9 151778  |a LIS  |b LIS  |c ST1  |d 2006-04-04  |g 100.00  |i 00777  |l 0  |o 025.1 SIN/F  |p LIS777  |r 2016-07-26  |w 2016-07-26  |y BK